Определение элементов земного магнетизма в некоторых пунктах Якутской области в 1913 году

Библиографические подробности
Главный автор: Абольд В. К. Вильгельм Карлович
Примечания:Текст в дореформенной орфографии
Язык:русский
Опубликовано: Петроград, Типография М. М. Стасюлевича, 1916
Серии:Труды Геологического Комитета. Новая серия Вып. 150
Предметы:
Формат: Книга
Запись в KOHA:https://koha.lib.tpu.ru/cgi-bin/koha/opac-detail.pl?biblionumber=363099

MARC

LEADER 00000nam0a2200000 4500
001 363099
005 20231102011545.0
035 |a (RuTPU)RU\TPU\retro\20446 
090 |a 363099 
100 |a 20210920d1916 k y0rusy50 ca 
101 0 |a rus 
102 |a RU 
105 |a y z 000zy 
200 1 |a Определение элементов земного магнетизма в некоторых пунктах Якутской области в 1913 году  |d Determination des elements du magnetisme terrestre dans quelques points de la region Yakoutsk dans l'annee 1913  |f В. К. Абольд 
210 |a Петроград  |c Типография М. М. Стасюлевича  |d 1916 
215 |a 18 с. 
225 1 |a Труды Геологического Комитета. Новая серия  |e Материалы по исследованию р. Алдана  |v Вып. 150 
300 |a Текст в дореформенной орфографии 
316 |5 63413507: КР-7205  |a На обложке печать Геологического кабинета Томского Индустриального Института 
317 |5 63413507: КР-7205  |a Поступил в НТБ в 2004 г. в составе книжного собрания кафедры общей геологии 
510 1 |a Determination des elements du magnetisme terrestre dans quelques points de la region Yakoutsk dans l'annee 1913  |z ger 
606 1 |a Земной магнетизм  |x (геофизика)  |2 stltpush  |3 (RuTPU)RU\TPU\subj\11797  |9 38695 
610 1 |a геология 
610 1 |a магнитные измерения 
610 1 |a теодолитная съемка 
610 1 |a теодолиты 
610 1 |a магнитометры 
610 1 |a азимуты 
610 1 |a гальванометры 
610 1 |a вычисления 
610 1 |a наблюдения 
610 1 |a точность 
610 1 |a Якутия 
610 1 |a Коллекция кафедры общей геологии 
610 1 |a дары библиотеке 
675 |a 550.38  |v 4 
700 1 |a Абольд  |b В. К.  |g Вильгельм Карлович 
801 1 |a RU  |b 63413507  |c 20210920 
801 2 |a RU  |b 63413507  |c 20220428  |g RCR 
942 |c BK